{"text_format":"2","workbook":"xlsx","n_sheets":9,"sheets":["PFP1","Modelo Proposta","PFP2.1_FatorKa","PFP2.2_FatorKb","PFP3_FatorKc","DQC","CT_OS","CT_RAM","CT_CV"],"not_rendered":{"charts":0,"images":0,"macros":0,"external_links":0,"defined_names":0,"comments":4,"pivot_tables":0},"unopened":[],"bounds":{"document_bytes":16777216,"sheet_cells":100000,"run_cost":"one","rows_first":2000,"rows_last":500,"rows_between":2000,"halvings":0,"cell_chars":16384,"cell_head_chars":4096},"cells_cut":0,"cells_raw":0,"read":"whole","date_system":"1900"}

{"sheet":"PFP1","index":0,"n_rows":38,"n_cols":9,"rows_kept":38,"cut":false,"hidden":false,"merged":[[35,0,35,8],[0,0,1,6],[4,3,4,6],[0,7,0,8],[1,7,1,8],[4,7,4,8],[2,0,2,8],[3,0,3,8],[4,0,4,2],[24,0,24,4],[24,5,24,8],[23,0,23,4],[23,5,23,8],[5,0,5,2],[5,7,5,8],[5,3,5,6],[37,0,37,8],[25,0,25,4],[26,7,26,8],[25,5,25,8],[26,0,26,4],[27,0,27,6],[27,7,27,8],[28,0,28,4],[29,0,29,6],[29,7,29,8],[34,0,34,8],[30,0,30,8],[31,0,31,8],[32,0,32,8],[36,0,36,8],[33,0,33,8]]}
["PROPOSTA FINANCEIRA DO PROJETO",{"$nulls":6},"CODIGO:"]
[{"$nulls":7},"PFP-1"]
["NOME DA EMPRESA:"]
[]
["PROJETO:",null,null,"CONTRATANTE:",null,null,null,"EDITAL:"]
["PRESTAÇÃO DE SERVIÇOS DE APOIO TÉCNICO, APOIO À FISCALIZAÇÃO E SUPERVISÃO TÉCNICA, VISANDO A IMPLANTAÇÃO E ACOMPANHAMENTO DE AÇÕES DE DESENVOLVIMENTO REGIONAL NA ÁREA DE ATUAÇÃO DA CODEVASF NOS ESTADOS DO PARÁ, TOCANTINS, GOIÁS, MATO GROSSO, AMAPÁ, CEARÁ, RIO GRANDE DO NORTE, PARÁIBA E NO DISTRITO FEDERAL.",null,null,"CODEVASF (SEDE)"]
["Cod.","Categoria / Insumo","Uni","Qde","CUD","PU","FatorK","CT","PT"]
["MO","Mão de Obra com Vínculo",{"$nulls":5},{"$f":"SUM(H9:H12)","v":2020555.6800000002},{"$f":"SUM(I9:I12)","v":3337373.52}]
["P1","Profissional Pleno (Coordenador)","mês",{"$f":"DQC!D7","v":12},15304.96,{"$f":"ROUND(E9*G9,2)","v":36214.6},{"$f":"'PFP2.1_FatorKa'!$E$37","v":2.3662000000000001},{"$f":"ROUND(D9*E9,2)","v":183659.51999999999},{"$f":"ROUND(F9*D9,2)","v":434575.2}]
["P2","Profissional Medio","mês",{"$f":"DQC!D8","v":12},11711.04,{"$f":"ROUND(E10*G10,2)","v":27710.66},{"$f":"'PFP2.1_FatorKa'!$E$37","v":2.3662000000000001},{"$f":"ROUND(D10*E10,2)","v":140532.48000000001},{"$f":"ROUND(F10*D10,2)","v":332527.92}]
["P3","Profissional Junior","mês",{"$f":"DQC!D9","v":72},9724,23008.93,{"$f":"'PFP2.1_FatorKa'!$E$37","v":2.3662000000000001},700128,1656642.96]
["T1","Técnico Pleno","mês",{"$f":"DQC!D10","v":72},5362.72,12689.27,{"$f":"'PFP2.1_FatorKa'!$E$37","v":2.3662000000000001},996235.68,{"$f":"ROUND(F12*D12,2)","v":913627.44}]
["MO","Mão de Obra sem Vínculo",{"$nulls":5},{"$f":"SUM(H14:H15)","v":970738.55999999994},{"$f":"SUM(I14:I15)","v":1656506.28}]
["P2","Profissional Medio","mês",{"$f":"DQC!D12","v":12},11711.04,{"$f":"ROUND(E14*G14,2)","v":19853.73},{"$f":"'PFP2.2_FatorKb'!$E$37","v":1.6953},134154.23999999999,{"$f":"ROUND(F14*D14,2)","v":238244.76}]
["T1","Técnico Pleno","mês",{"$f":"DQC!D13","v":156},5362.72,9091.42,{"$f":"'PFP2.2_FatorKb'!$E$37","v":1.6953},{"$f":"ROUND(D15*E15,2)","v":836584.32},{"$f":"ROUND(F15*D15,2)","v":1418261.52}]
["DPV","Diárias, Passagens e Veículos",{"$nulls":5},{"$f":"SUM(H17:H20)","v":2217229.2800000003},{"$f":"SUM(I17:I20)","v":2784421.3600000003}]
["D","Diárias","dia",{"$f":"DQC!D15","v":6540},239,{"$f":"ROUND(E17*G17,2)","v":300.14},{"$f":"PFP3_FatorKc!$E$19","v":1.2558},{"$f":"ROUND(D17*E17,2)","v":1563060},{"$f":"ROUND(F17*D17,2)","v":1962915.6}]
["P","Passagens Aéreas (ida e volta)","un",{"$f":"DQC!D16+DQC!D17+DQC!D18+DQC!D19+DQC!D20+DQC!D21","v":48},{"$f":"DQC!E16+DQC!E17+DQC!E18+DQC!E19+DQC!E20+DQC!E21","v":3963.9400000000005},{"$f":"DQC!F16+DQC!F17+DQC!F18+DQC!F19+DQC!F20+DQC!F21","v":4977.920000000001},{"$f":"PFP3_FatorKc!$E$19","v":1.2558},{"$f":"DQC!H16+DQC!H17+DQC!H18+DQC!H19+DQC!H20+DQC!H21","v":31711.520000000004},{"$f":"DQC!I16+DQC!I17+DQC!I18+DQC!I19+DQC!I20+DQC!I21","v":39823.360000000008}]
["V1","Saveiro Robust 1.6 Total Flex 8V ou similar","mês",{"$f":"DQC!D22","v":60},3311.9,{"$f":"ROUND(E19*G19,2)","v":4159.08},{"$f":"PFP3_FatorKc!$E$19","v":1.2558},{"$f":"ROUND(D19*E19,2)","v":198714},{"$f":"ROUND(F19*D19,2)","v":249544.8}]
["V2","Hilux CS 4x4 2.8 TDI Diesel Mec. ou similar","mês",{"$f":"DQC!D23","v":72},5885.33,{"$f":"ROUND(E20*G20,2)","v":7390.8},{"$f":"PFP3_FatorKc!$E$19","v":1.2558},{"$f":"ROUND(D20*E20,2)","v":423743.76},{"$f":"ROUND(F20*D20,2)","v":532137.6}]
["EM","Equipamentos e Materiais",{"$nulls":5},{"$f":"SUM(H22:H23)","v":128808.12999999999},{"$f":"SUM(I22:I23)","v":161757.22}]
["EM1","Notebook tela 14”, HD 1TB, memória RAM de 8GB ","un",{"$f":"DQC!D25","v":28},2752.31,{"$f":"ROUND(E22*G22,2)","v":3456.35},{"$f":"PFP3_FatorKc!$E$19","v":1.2558},{"$f":"ROUND(D22*E22,2)","v":77064.679999999993},{"$f":"ROUND(F22*D22,2)","v":96777.8}]
["EM2","Navegador GPS/ GLONASS, resolução visor de 160 X 240, tamanho de display 2,6”, memória interna 8GB, slot cartão de memória microSD, prova d'água, conexão bluetooth, com câmera 8MP","un",{"$f":"DQC!D26","v":11},4703.95,5907.22,{"$f":"PFP3_FatorKc!$E$19","v":1.2558},51743.45,64979.42]
["TOTAL DOS CUSTOS DIRETOS",{"$nulls":4},{"$f":"H8+H16+H13+H21","v":5337331.6500000004}]
["TOTAL DOS ENCARGOS E DESPESAS DIVERSAS",{"$nulls":4},{"$f":"F26-F24","v":2602726.7300000004}]
["TOTAL DA PROPOSTA",{"$nulls":4},{"$f":"I8+I16+I13+I21","v":7940058.3800000008}]
["NOME DO INFORMANTE:",{"$nulls":6},"QUALIFICAÇÃO"]
[]
["ASSINATURA:",{"$nulls":6},"DATA:"]
[]
["OBSERVAÇÃO:"]
["Un - unidade de medição do insumo;"]
["Qde - Quantidade do Insumo (não pode ocorrer alteração pela Licitante)"]
["CUD - Custo Unitário Direto do Insumo (sem encargos, taxas e impostos, valor não pode ser maior que o Orçado pela Codevasf)"]
["CT - Custo Total (sem encargos, taxas e impostos) - CT = Qde x CUD"]
["FatorK - Taxa de Ressarcimento de Despesas e Encargos (detalhar composição nas Planilhas \"FCON2.1\", \"FCON2.2\", \"FCON3\")"]
["PU - Preço Unitário (incluído encargos, taxas e impostos) - PU = CUD x FatorK"]
["PT - Preço Total (incluído encargos, taxas e impostos) - PT = Qde x PU"]

{"sheet":"Modelo Proposta","index":1,"n_rows":38,"n_cols":9,"rows_kept":38,"cut":false,"hidden":false,"merged":[[33,0,33,8],[34,0,34,8],[35,0,35,8],[36,0,36,8],[37,0,37,8],[32,0,32,8],[25,0,25,4],[25,5,25,8],[26,0,26,4],[26,7,26,8],[27,0,27,6],[27,7,27,8],[28,0,28,4],[29,0,29,6],[29,7,29,8],[30,0,30,8],[31,0,31,8],[24,0,24,4],[24,5,24,8],[0,0,1,6],[0,7,0,8],[1,7,1,8],[2,0,2,8],[3,0,3,8],[4,0,4,2],[4,3,4,6],[4,7,4,8],[5,0,5,2],[5,3,5,6],[5,7,5,8],[23,0,23,4],[23,5,23,8]]}
["MODELO PROPOSTA FINANCEIRA DO PROJETO",{"$nulls":6},"CODIGO:"]
[{"$nulls":7},"PFP-1"]
["NOME DA EMPRESA:"]
[]
["PROJETO:",null,null,"CONTRATANTE:",null,null,null,"EDITAL:"]
["PRESTAÇÃO DE SERVIÇOS DE APOIO TÉCNICO, APOIO À FISCALIZAÇÃO E SUPERVISÃO TÉCNICA, VISANDO A IMPLANTAÇÃO E ACOMPANHAMENTO DE AÇÕES DE DESENVOLVIMENTO REGIONAL NA ÁREA DE ATUAÇÃO DA CODEVASF NOS ESTADOS DO PARÁ, TOCANTINS, GOIÁS, MATO GROSSO, AMAPÁ, CEARÁ, RIO GRANDE DO NORTE, PARÁIBA E NO DISTRITO FEDERAL.",null,null,"CODEVASF (SEDE)"]
["Cod.","Categoria / Insumo","Uni","Qde","CUD","PU","FatorK","CT","PT"]
["MO","Mão de Obra com Vínculo",{"$nulls":5},{"$f":"SUM(H9:H12)","v":0},{"$f":"SUM(I9:I12)","v":0}]
["P1","Profissional Pleno (Coordenador)","mês",{"$f":"DQC!D7","v":12},null,{"$f":"ROUND(E9*G9,2)","v":0},{"$f":"'PFP2.1_FatorKa'!$E$37","v":2.3662000000000001},{"$f":"ROUND(D9*E9,2)","v":0},{"$f":"ROUND(F9*D9,2)","v":0}]
["P2","Profissional Medio","mês",{"$f":"DQC!D8","v":12},null,{"$f":"ROUND(E10*G10,2)","v":0},{"$f":"'PFP2.1_FatorKa'!$E$37","v":2.3662000000000001},{"$f":"ROUND(D10*E10,2)","v":0},{"$f":"ROUND(F10*D10,2)","v":0}]
["P3","Profissional Junior","mês",{"$f":"DQC!D9","v":72},null,0,{"$f":"'PFP2.1_FatorKa'!$E$37","v":2.3662000000000001},0,0]
["T1","Técnico Pleno","mês",{"$f":"DQC!D10","v":72},null,0,{"$f":"'PFP2.1_FatorKa'!$E$37","v":2.3662000000000001},0,{"$f":"ROUND(F12*D12,2)","v":0}]
["MO","Mão de Obra sem Vínculo",{"$nulls":5},{"$f":"SUM(H14:H15)","v":0},{"$f":"SUM(I14:I15)","v":0}]
["P2","Profissional Medio","mês",{"$f":"DQC!D12","v":12},null,{"$f":"ROUND(E14*G14,2)","v":0},{"$f":"'PFP2.2_FatorKb'!$E$37","v":1.6953},{"$f":"ROUND(D14*E14,2)","v":0},{"$f":"ROUND(F14*D14,2)","v":0}]
["T1","Técnico Pleno","mês",{"$f":"DQC!D13","v":156},null,0,{"$f":"'PFP2.2_FatorKb'!$E$37","v":1.6953},0,0]
["DPV","Diárias, Passagens e Veículos",{"$nulls":5},{"$f":"SUM(H17:H20)","v":0},{"$f":"SUM(I17:I20)","v":0}]
["D","Diárias","dia",{"$f":"DQC!D15","v":6540},null,{"$f":"ROUND(E17*G17,2)","v":0},{"$f":"PFP3_FatorKc!$E$19","v":1.2558},{"$f":"ROUND(D17*E17,2)","v":0},{"$f":"ROUND(F17*D17,2)","v":0}]
["P","Passagens Aéreas (ida e volta)","un",{"$f":"DQC!D16+DQC!D17+DQC!D18+DQC!D19+DQC!D20+DQC!D21","v":48},null,{"$f":"ROUND(E18*G18,2)","v":0},{"$f":"PFP3_FatorKc!$E$19","v":1.2558},0,0]
["V1","Saveiro Robust 1.6 Total Flex 8V ou similar","mês",{"$f":"DQC!D22","v":60},null,{"$f":"ROUND(E19*G19,2)","v":0},{"$f":"PFP3_FatorKc!$E$19","v":1.2558},{"$f":"ROUND(D19*E19,2)","v":0},{"$f":"ROUND(F19*D19,2)","v":0}]
["V2","Hilux CS 4x4 2.8 TDI Diesel Mec. ou similar","mês",{"$f":"DQC!D23","v":72},null,{"$f":"ROUND(E20*G20,2)","v":0},{"$f":"PFP3_FatorKc!$E$19","v":1.2558},0,0]
["EM","Equipamentos e Materiais",{"$nulls":5},{"$f":"SUM(H22:H23)","v":0},{"$f":"SUM(I22:I23)","v":0}]
["EM1","Notebook tela 14”, HD 1TB, memória RAM de 8GB ","un",{"$f":"DQC!D25","v":28},null,{"$f":"ROUND(E22*G22,2)","v":0},{"$f":"PFP3_FatorKc!$E$19","v":1.2558},{"$f":"ROUND(D22*E22,2)","v":0},{"$f":"ROUND(F22*D22,2)","v":0}]
["EM2","Navegador GPS/ GLONASS, resolução visor de 160 X 240, tamanho de display 2,6”, memória interna 8GB, slot cartão de memória microSD, prova d'água, conexão bluetooth, com câmera 8MP","un",{"$f":"DQC!D26","v":11},null,0,{"$f":"PFP3_FatorKc!$E$19","v":1.2558},0,0]
["TOTAL DOS CUSTOS DIRETOS",{"$nulls":4},{"$f":"H8+H16+H13+H21","v":0}]
["TOTAL DOS ENCARGOS E DESPESAS DIVERSAS",{"$nulls":4},{"$f":"F26-F24","v":0}]
["TOTAL DA PROPOSTA",{"$nulls":4},{"$f":"I8+I16+I13+I21","v":0}]
["NOME DO INFORMANTE:",{"$nulls":6},"QUALIFICAÇÃO"]
[]
["ASSINATURA:",{"$nulls":6},"DATA:"]
[]
["OBSERVAÇÃO:"]
["Un - unidade de medição do insumo;"]
["Qde - Quantidade do Insumo (não pode ocorrer alteração pela Licitante)"]
["CUD - Custo Unitário Direto do Insumo (sem encargos, taxas e impostos, valor não pode ser maior que o Orçado pela Codevasf)"]
["CT - Custo Total (sem encargos, taxas e impostos) - CT = Qde x CUD"]
["FatorK - Taxa de Ressarcimento de Despesas e Encargos (detalhar composição nas Planilhas \"FCON2.1\", \"FCON2.2\", \"FCON3\")"]
["PU - Preço Unitário (incluído encargos, taxas e impostos) - PU = CUD x FatorK"]
["PT - Preço Total (incluído encargos, taxas e impostos) - PT = Qde x PU"]

{"sheet":"PFP2.1_FatorKa","index":2,"n_rows":46,"n_cols":6,"rows_kept":46,"cut":false,"hidden":false,"merged":[[45,0,45,5],[44,0,44,5],[43,0,43,5],[42,0,42,5],[25,1,25,3],[30,1,30,3],[31,1,31,3],[40,0,40,3],[29,1,29,3],[26,1,26,3],[27,1,27,3],[28,1,28,3],[38,4,38,5],[37,4,37,5],[34,1,34,3],[32,1,32,3],[8,1,8,3],[18,1,18,3],[19,1,19,3],[9,1,9,3],[14,1,14,3],[15,1,15,3],[16,1,16,3],[17,1,17,3],[10,1,10,3],[11,1,11,3],[12,1,12,3],[13,1,13,3],[0,0,1,4],[2,0,2,5],[5,0,5,1],[5,2,5,4],[6,0,7,3],[6,4,6,5],[4,2,4,4],[3,0,3,5],[33,1,33,3],[35,1,35,3],[36,1,36,3],[20,1,20,3],[21,1,21,3],[22,1,22,3],[23,1,23,3],[24,1,24,3]]}
["DETALHAMENTO DOS ENCARGOS SOCIAIS: Ka",{"$nulls":4},"CODIGO:"]
[{"$nulls":5},"PFP-2.1"]
["NOME DA EMPRESA:"]
[]
["PROJETO:",null,"CONTRATANTE:",null,null,"EDITAL:"]
["PRESTAÇÃO DE SERVIÇOS DE APOIO TÉCNICO, APOIO À FISCALIZAÇÃO E SUPERVISÃO TÉCNICA, VISANDO A IMPLANTAÇÃO E ACOMPANHAMENTO DE AÇÕES DE DESENVOLVIMENTO REGIONAL NA ÁREA DE ATUAÇÃO DA CODEVASF NOS ESTADOS DO PARÁ, TOCANTINS, GOIÁS, MATO GROSSO, AMAPÁ, CEARÁ, RIO GRANDE DO NORTE, PARÁIBA E NO DISTRITO FEDERAL.",null,"CODEVASF (SEDE)"]
["DISCRIMINAÇÃO",null,null,null,"VALORES"]
[{"$nulls":4},"%","R$"]
["A","ENCARGOS SOCIAIS BÁSICOS",null,null,{"$f":"ROUND(SUM(E10:E18),4)","v":0.378},{"$f":"E9*'PFP1'!$H$8","v":763770.04704000009}]
["A1","Seconci",null,null,0.01,{"$f":"E10*'PFP1'!$H$8","v":20205.556800000002}]
["A2","INSS",null,null,0.2,{"$f":"E11*'PFP1'!$H$8","v":404111.13600000006}]
["A3","FGTS",null,null,0.08,{"$f":"E12*'PFP1'!$H$8","v":161644.45440000002}]
["A4","Incra",null,null,2E-3,{"$f":"E13*'PFP1'!$H$8","v":4041.1113600000003}]
["A5","Salário Educação ",null,null,2.5000000000000001E-2,{"$f":"E14*'PFP1'!$H$8","v":50513.892000000007}]
["A6","Sebrae",null,null,6.0000000000000001E-3,{"$f":"E15*'PFP1'!$H$8","v":12123.334080000001}]
["A7","Seguro contra acidente",null,null,0.03,{"$f":"E16*'PFP1'!$H$8","v":60616.670400000003}]
["A8","Senai",null,null,0.01,{"$f":"E17*'PFP1'!$H$8","v":20205.556800000002}]
["A9","Sesi",null,null,1.4999999999999999E-2,{"$f":"E18*'PFP1'!$H$8","v":30308.335200000001}]
["B"," ENCARGOS SOCIAIS QUE RECEBEM INCIDÊNCIA DE \"A\"",null,null,{"$f":"ROUND(SUM(E20:E26),4)","v":0.19650000000000001},{"$f":"E19*'PFP1'!$H$8","v":397039.19112000003}]
["B1","13º Salário  ",null,null,8.3299999999999999E-2,{"$f":"E20*'PFP1'!$H$8","v":168312.28814400002}]
["B2","Auxilio Enfermidade",null,null,7.1000000000000004E-3,{"$f":"E21*'PFP1'!$H$8","v":14345.945328000002}]
["B3","Licença Paternidade",null,null,5.9999999999999995E-4,{"$f":"E22*'PFP1'!$H$8","v":1212.333408}]
["B4","Faltas Justificadas",null,null,5.5999999999999999E-3,{"$f":"E23*'PFP1'!$H$8","v":11315.111808000001}]
["B5","Auxílio Acidente de Trabalho",null,null,8.9999999999999998E-4,{"$f":"E24*'PFP1'!$H$8","v":1818.5001120000002}]
["B6","Férias Gozadas",null,null,9.8799999999999999E-2,{"$f":"E25*'PFP1'!$H$8","v":199630.90118400002}]
["B7","Salário Maternidade",null,null,2.0000000000000001E-4,{"$f":"E26*'PFP1'!$H$8","v":404.11113600000004}]
["C"," ENCARGOS SOCIAIS QUE NÃO RECEBEM INCIDÊNCIA DE \"A\"",null,null,{"$f":"ROUND(SUM(E28:E32),4)","v":8.2799999999999999E-2},{"$f":"E27*'PFP1'!$H$8","v":167302.01030400002}]
["C1","Aviso Prévio Indenizado",null,null,3.1E-2,{"$f":"E28*'PFP1'!$H$8","v":62637.226080000008}]
["C2","Aviso Prévio Trabalhado",null,null,6.9999999999999999E-4,{"$f":"E29*'PFP1'!$H$8","v":1414.3889760000002}]
["C3","Férias Indenizadas",null,null,1.04E-2,{"$f":"E30*'PFP1'!$H$8","v":21013.779072000001}]
["C4","Depósito Rescisão Sem Justa Causa",null,null,3.8100000000000002E-2,{"$f":"E31*'PFP1'!$H$8","v":76983.171408000009}]
["C5","Indenização Adicional",null,null,2.5999999999999999E-3,{"$f":"E32*'PFP1'!$H$8","v":5253.4447680000003}]
["D"," REINCIDÊNCIAS",null,null,{"$f":"ROUND(SUM(E34:E35),4)","v":7.6999999999999999E-2},{"$f":"E33*'PFP1'!$H$8","v":155582.78736000002}]
["D1","Reincidência de \"A\" sobre \"B\"",null,null,{"$f":"ROUND(E9*E19,4)","v":7.4300000000000005E-2},{"$f":"E34*'PFP1'!$H$8","v":150127.28702400002}]
["D2","Reincidência de \"A\" sobre Aviso Prévio Trabalhado e reincidência do FGTS sobre aviso prévio indenizado",null,null,{"$f":"(E29*E9)+(E28*E12)","v":2.7445999999999998E-3},{"$f":"E35*'PFP1'!$H$8","v":5545.6171193279997}]
["K1","ENCARGOS SOCIAIS",null,null,{"$f":"ROUND(E9+E19+E27+E33,4)","v":0.73429999999999995},{"$f":"E36*'PFP1'!$H$8","v":1483694.0358240001}]
["Ka","TAXA DE RESSARCIMENTO DE DESPESAS E ENCARGOS SOBRE M.O.",null,null,{"$f":"ROUND((1+E36+PFP3_FatorKc!E15)*(1+PFP3_FatorKc!E14)*(1+PFP3_FatorKc!E10),4)","v":2.3662000000000001}]
["NOME DO INFORMANTE:",null,null,null,"QUALIFICAÇÃO"]
[]
["ASSINATURA:",null,null,null,"DATA:"]
[]
["OBSERVAÇÃO:"]
["1 - DISCRIMINAR OS ENCARGOS SOCIAIS COM SEUS RESPECTIVOS PERCENTUAS TOTALIZANDO OS MESMOS. "]
["2 - APLICAR O  % TOTAL P/ CALCULAR OS E. SOCIAIS INCIDENTES NA MÃO-DE-OBRA COM VÍNCULO PERMANENTE"]
["Ka - Taxa de Ressarcimento de Despesas e Encargos sobre a Mão de Obra COM VINCULO (incide apenas no Insumo Codigo M.O.)"]
["Ka = (1 + K1 + K2) x (1 + K3) x (1 + K4)"]

{"sheet":"PFP2.2_FatorKb","index":3,"n_rows":46,"n_cols":6,"rows_kept":46,"cut":false,"hidden":false,"merged":[[45,0,45,5],[38,4,38,5],[40,0,40,3],[42,0,42,5],[43,0,43,5],[44,0,44,5],[33,1,33,3],[34,1,34,3],[35,1,35,3],[36,1,36,3],[37,4,37,5],[32,1,32,3],[21,1,21,3],[22,1,22,3],[23,1,23,3],[24,1,24,3],[25,1,25,3],[26,1,26,3],[27,1,27,3],[28,1,28,3],[29,1,29,3],[30,1,30,3],[31,1,31,3],[20,1,20,3],[0,0,1,4],[2,0,2,5],[3,0,3,5],[4,2,4,4],[5,0,5,1],[5,2,5,4],[6,0,7,3],[6,4,6,5],[8,1,8,3],[18,1,18,3],[19,1,19,3]]}
["DETALHAMENTO DOS ENCARGOS SOCIAIS: Kb",{"$nulls":4},"CODIGO:"]
[{"$nulls":5},"PFP-2.2"]
["NOME DA EMPRESA:"]
[]
["PROJETO:",null,"CONTRATANTE:",null,null,"EDITAL:"]
["PRESTAÇÃO DE SERVIÇOS DE APOIO TÉCNICO, APOIO À FISCALIZAÇÃO E SUPERVISÃO TÉCNICA, VISANDO A IMPLANTAÇÃO E ACOMPANHAMENTO DE AÇÕES DE DESENVOLVIMENTO REGIONAL NA ÁREA DE ATUAÇÃO DA CODEVASF NOS ESTADOS DO PARÁ, TOCANTINS, GOIÁS, MATO GROSSO, AMAPÁ, CEARÁ, RIO GRANDE DO NORTE, PARÁIBA E NO DISTRITO FEDERAL.",null,"CODEVASF (SEDE)"]
["DISCRIMINAÇÃO",null,null,null,"VALORES"]
[{"$nulls":4},"%","R$"]
["A","ENCARGOS SOCIAIS BÁSICOS",null,null,{"$f":"ROUND(SUM(E10:E18),4)","v":0.2},{"$f":"E9*'PFP1'!$H$13","v":194147.712}]
["A1","Seconci",null,null,0,{"$f":"E10*'PFP1'!$H$13","v":0}]
["A2","INSS",null,null,0.2,{"$f":"E11*'PFP1'!$H$13","v":194147.712}]
["A3","FGTS",null,null,0,{"$f":"E12*'PFP1'!$H$13","v":0}]
["A4","Incra",null,null,0,{"$f":"E13*'PFP1'!$H$13","v":0}]
["A5","Salário Educação ",null,null,0,{"$f":"E14*'PFP1'!$H$13","v":0}]
["A6","Sebrae",null,null,0,{"$f":"E15*'PFP1'!$H$13","v":0}]
["A7","Seguro contra acidente",null,null,0,{"$f":"E16*'PFP1'!$H$13","v":0}]
["A8","Senai",null,null,0,{"$f":"E17*'PFP1'!$H$13","v":0}]
["A9","Sesi",null,null,0,{"$f":"E18*'PFP1'!$H$13","v":0}]
["B"," ENCARGOS SOCIAIS QUE RECEBEM INCIDÊNCIA DE \"A\"",null,null,{"$f":"ROUND(SUM(E20:E26),4)","v":0},{"$f":"E19*'PFP1'!$H$13","v":0}]
["B1","13º Salário  ",null,null,0,{"$f":"E20*'PFP1'!$H$13","v":0}]
["B2","Auxilio Enfermidade",null,null,0,{"$f":"E21*'PFP1'!$H$13","v":0}]
["B3","Licença Paternidade",null,null,0,{"$f":"E22*'PFP1'!$H$13","v":0}]
["B4","Faltas Justificadas",null,null,0,{"$f":"E23*'PFP1'!$H$13","v":0}]
["B5","Auxílio Acidente de Trabalho",null,null,0,{"$f":"E24*'PFP1'!$H$13","v":0}]
["B6","Férias Gozadas",null,null,0,{"$f":"E25*'PFP1'!$H$13","v":0}]
["B7","Salário Maternidade",null,null,0,{"$f":"E26*'PFP1'!$H$13","v":0}]
["C"," ENCARGOS SOCIAIS QUE NÃO RECEBEM INCIDÊNCIA DE \"A\"",null,null,{"$f":"ROUND(SUM(E28:E32),4)","v":0},{"$f":"E27*'PFP1'!$H$13","v":0}]
["C1","Aviso Prévio Indenizado",null,null,0,{"$f":"E28*'PFP1'!$H$13","v":0}]
["C2","Aviso Prévio Trabalhado",null,null,0,{"$f":"E29*'PFP1'!$H$13","v":0}]
["C3","Férias Indenizadas",null,null,0,{"$f":"E30*'PFP1'!$H$13","v":0}]
["C4","Depósito Rescisão Sem Justa Causa",null,null,0,{"$f":"E31*'PFP1'!$H$13","v":0}]
["C5","Indenização Adicional",null,null,0,{"$f":"E32*'PFP1'!$H$13","v":0}]
["D"," REINCIDÊNCIAS",null,null,{"$f":"ROUND(SUM(E34:E35),4)","v":0},{"$f":"E33*'PFP1'!$H$13","v":0}]
["D1","Reincidência de \"A\" sobre \"B\"",null,null,{"$f":"ROUND(E9*E19,4)","v":0},{"$f":"E34*'PFP1'!$H$13","v":0}]
["D2","Reincidência de \"A\" sobre Aviso Prévio Trabalhado e reincidência do FGTS sobre aviso prévio indenizado",null,null,{"$f":"ROUND(E9*E29,4)+ROUND(E28*E12,4)","v":0},{"$f":"E35*'PFP1'!$H$13","v":0}]
["K1","ENCARGOS SOCIAIS",null,null,{"$f":"ROUND(E9+E19+E27+E33,4)","v":0.2},{"$f":"E36*'PFP1'!$H$13","v":194147.712}]
["Kb","TAXA DE RESSARCIMENTO DE DESPESAS E ENCARGOS SOBRE M.O.",null,null,{"$f":"ROUND((1+E36+PFP3_FatorKc!E15)*(1+PFP3_FatorKc!E14)*(1+PFP3_FatorKc!E10),4)","v":1.6953}]
["NOME DO INFORMANTE:",null,null,null,"QUALIFICAÇÃO"]
[]
["ASSINATURA:",null,null,null,"DATA:"]
[]
["OBSERVAÇÃO:"]
["1 - DISCRIMINAR OS ENCARGOS SOCIAIS COM SEUS RESPECTIVOS PERCENTUAS TOTALIZANDO OS MESMOS. "]
["2 - APLICAR O % TOTAL P/ CALCULAR OS E. SOCIAIS INCIDENTES NA MÃO-DE-OBRA SEM VÍNCULO PERMANENTE"]
["Kb - Taxa de Ressarcimento de Despesas e Encargos sobre a Mão de Obra SEM VINCULO (incide apenas no Insumo Codigo M.O.)"]
["Kb = (1 + K1 + K2) x (1 + K3) x (1 + K4)"]

{"sheet":"PFP3_FatorKc","index":4,"n_rows":37,"n_cols":6,"rows_kept":37,"cut":false,"hidden":false,"merged":[[6,3,6,5],[6,0,7,2],[34,0,34,5],[14,1,14,3],[13,1,13,3],[10,1,10,2],[11,1,11,2],[12,1,12,2],[8,0,9,0],[8,1,9,2],[27,0,27,5],[0,0,1,4],[2,0,2,5],[5,0,5,1],[5,2,5,4],[4,2,4,4],[3,0,3,5],[35,0,35,5],[36,0,36,5],[18,1,18,3],[15,1,15,3],[16,1,16,3],[17,1,17,3],[23,0,23,5],[28,0,28,5],[29,0,29,5],[24,0,24,5],[25,0,25,5],[26,0,26,5],[30,0,30,5],[31,0,31,5],[32,0,32,5],[33,0,33,5]]}
["DESPESAS FISCAIS E CUSTOS DIVERSOS: Kc",{"$nulls":4},"CODIGO:"]
[{"$nulls":5},"PFP-3"]
["NOME DA EMPRESA:"]
[]
["PROJETO:",null,"CONTRATANTE:",null,null,"EDITAL:"]
["PRESTAÇÃO DE SERVIÇOS DE APOIO TÉCNICO, APOIO À FISCALIZAÇÃO E SUPERVISÃO TÉCNICA, VISANDO A IMPLANTAÇÃO E ACOMPANHAMENTO DE AÇÕES DE DESENVOLVIMENTO REGIONAL NA ÁREA DE ATUAÇÃO DA CODEVASF NOS ESTADOS DO PARÁ, TOCANTINS, GOIÁS, MATO GROSSO, AMAPÁ, CEARÁ, RIO GRANDE DO NORTE, PARÁIBA E NO DISTRITO FEDERAL.",null,"CODEVASF (SEDE)"]
["DISCRIMINAÇÃO 1",null,null,"VALORES"]
[null,null,null,"% preço","% custo","R$"]
["K4","DESPESAS FISCAIS",null,"K' (%)2","K (%)3"]
[null,null,null,{"$f":"ROUND(D11+D12+D13,4)","v":0.124},{"$f":"ROUND(E11+E12+E13,4)","v":0.1416},{"$f":"E10*SUM('PFP1'!$H$8*(1+'PFP2.1_FatorKa'!$E$36)+'PFP1'!$H$13*(1+'PFP2.2_FatorKb'!$E$36)+'PFP1'!$H$15+'PFP1'!$H$20+PFP3_FatorKc!$F$15+PFP3_FatorKc!$F$14)","v":993461.9224506662}]
[1,"ISS",null,0.05,{"$f":"ROUND((1/(1-$D$10))*D11,4)","v":5.7099999999999998E-2},{"$f":"E11*SUM('PFP1'!$H$8*(1+'PFP2.1_FatorKa'!$E$36)+'PFP1'!$H$13*(1+'PFP2.2_FatorKb'!$E$36)+'PFP1'!$H$15+'PFP1'!$H$20+PFP3_FatorKc!$F$15+PFP3_FatorKc!$F$14)","v":400612.11703342543}]
[2,"PIS - aliquota efetiva com percentual-desconto de 20%",null,{"$f":"ROUND(1.65%*0.8,4)","v":1.32E-2},{"$f":"ROUND((1/(1-$D$10))*D12,4)","v":1.5100000000000001E-2},{"$f":"E12*SUM('PFP1'!$H$8*(1+'PFP2.1_FatorKa'!$E$36)+'PFP1'!$H$13*(1+'PFP2.2_FatorKb'!$E$36)+'PFP1'!$H$15+'PFP1'!$H$20+PFP3_FatorKc!$F$15+PFP3_FatorKc!$F$14)","v":105941.20783195664}]
[3,"COFINS - aliquota efetiva com percentual-desconto de 20%",null,{"$f":"ROUND(7.6%*0.8,4)","v":6.08E-2},6.9400000000000003E-2,{"$f":"E13*SUM('PFP1'!$H$8*(1+'PFP2.1_FatorKa'!$E$36)+'PFP1'!$H$13*(1+'PFP2.2_FatorKb'!$E$36)+'PFP1'!$H$15+'PFP1'!$H$20+PFP3_FatorKc!$F$15+PFP3_FatorKc!$F$14)","v":486908.59758528415}]
["K3","REMUNERAÇÃO DA EMPRESA (LUCRO)",null,null,0.1,{"$f":"E14*SUM('PFP1'!$H$8*(1+'PFP2.1_FatorKa'!$E$36)+'PFP1'!$H$13*(1+'PFP2.2_FatorKb'!$E$36)+'PFP1'!$H$15+'PFP1'!$H$20+PFP3_FatorKc!$F$15)","v":637815.82078240009}]
["K2","CUSTOS DA ADMINISTRAÇÃO CENTRAL",null,null,{"$f":"ROUND(SUM(E16:E18),4)","v":0.15},{"$f":"ROUND(E15*('PFP1'!$H$8+'PFP1'!$H$13),2)","v":448694.14}]
[4,"Custos da administração central da empresa (diretoria, pessoal técnico de apoio e pessoal administrativo não diretamente vinculado à prestação dos serviços)",null,null,0.1,{"$f":"ROUND(E16*('PFP1'!$H$8+'PFP1'!$H$13),2)","v":299129.42}]
[5,"Outras despesas que afetam o custo de produção como treinamento, biblioteca, programa de qualidade, programa de benefícios, auditoria interna e externa",null,null,0.03,{"$f":"ROUND(E17*('PFP1'!$H$8+'PFP1'!$H$13),2)","v":89738.83}]
[6,"Despesas fixas e variaveis com patrimônio, aluguéis, comunicação, manutenção e transporte não diretamente relacionados com o custo direto dos serviços",null,null,0.02,{"$f":"ROUND(E18*('PFP1'!$H$8+'PFP1'!$H$13),2)","v":59825.88}]
["Kc","TAXA RESSARCIMENTO DE DESPESAS SOBRE CUSTOS DIVERSOS",null,null,{"$f":"ROUND((1+E14)*(1+E10),4)","v":1.2558}]
["NOME DO INFORMANTE:",null,null,null,"QUALIFICAÇÃO:"]
[]
["ASSINATURA:",null,null,null,"DATA:"]
[]
["Observação:"]
["1 - RELACIONAR OS CUSTOS DE ADMINISTRAÇÃO COM RESPECTIVOS PERCENTUAIS INCIDENTES NA MÃO -DE-OBRA"]
["1 - DISCRIMINAR OS TRIBUTOS QUE INCIDEM SOBRE OS CUSTOS DA PRESTAÇÃO DOS SERVIÇOS"]
["2 - K4 = INDICAR % DE CADA TRIBUTO E A SOMA DOS MESMOS (ex: ISS 5% + PIS 1,65% + COFINS 7,60% = 14,25%)"]
["3 - PIS e COFINS, Regime de Incidencia Acumulativa (0,65% e 3,00% - sem percentual de desconto) ou em Regime de Incidencia Não Acumulativa (1,65% e 7,60% - aplicável percentual de desconto) de acordo com a forma de apuração do lucro no IRPJ. APRESENTAR COMPROVANTES de aproveitamento de créditos tributários dos últimos 12 meses em caso de aplicação de \"percentual de desconto\"."]
["4 - AS DESPESAS FISCAIS (K4) INCIDEM SOBRE O TOTAL DA FATURA E NÃO SOBRE OS CUSTOS INCORRIDOS, "]
["     DEVENDO SER CALCULADO O K4' APLICANDO-SE A SEGUINTE FÓRMULA:"]
["     K4' = { [ 1 / ( 1 - K4) ] - 1 } x 100"]
[{"$f":"CONCATENATE(\"     K4' = { [ 1 / ( 1 - \",D10,\" ) ] - 1 } x 100\")","v":"     K4' = { [ 1 / ( 1 - 0,124 ) ] - 1 } x 100"}]
["Kc - Taxa de Ressarcimento de Despesas sobre Custos Diversos (incide sobre os Insumos Codigo DP e EQ)"]
["Kc = (1 + K3) x (1 + K4)"]
["K2 - Incide sobre o Custo Total (CT) da Mão de Obra (MO)"]
["K3 - Incide sobre o Custo Total (CT) Mão de Obra com encargos (MO x Ka ou Kb), demais Custos (DP e EQ), e Custos da Administração Central (K2)"]
["K4 -  Incide sobre o Custo Total (CT) Mão de Obra com encargos (MO x Ka ou Kb), demais Custos (DP e EQ), e Custos da Administração Central (K2) e Lucro (K3)"]

{"sheet":"DQC","index":5,"n_rows":41,"n_cols":17,"rows_kept":41,"cut":false,"hidden":false,"merged":[[30,0,30,6],[30,7,30,8],[2,0,3,16],[26,0,26,4],[26,5,26,8],[27,0,27,4],[27,5,27,8],[0,0,1,15],[40,0,40,8],[35,0,35,8],[36,0,36,8],[37,0,37,8],[38,0,38,8],[39,0,39,8],[31,0,31,4],[32,0,32,6],[32,7,32,8],[33,0,33,8],[34,0,34,8],[28,0,28,4],[28,5,28,8],[29,0,29,4],[29,7,29,8]]}
["DETALHAMENTO DO QUANTITATIVOS CONTRATADOS",{"$nulls":15},"CODIGO:"]
[{"$nulls":16},"DQC"]
["INSUMOS POR ESTADO/PRODUTO"]
[]
["Cod.","Categoria / Insumo","Uni","Qde","CUD","PU","FatorK","CT","PT","SEDE","A-PA","A-GO/MT/DF","A-TO","A-AP","A-CE","A-RN/PB","Total"]
["MO","Mão de Obra com Vínculo",{"$nulls":5},{"$f":"SUM(H7:H10)","v":2020555.6800000002},{"$f":"SUM(I7:I10)","v":3337373.52}]
["P1","Profissional Pleno (Coordenador) ","mês",{"$f":"Q7","v":12},15304.96,{"$f":"ROUND(E7*G7,2)","v":36214.6},{"$f":"'PFP2.1_FatorKa'!$E$37","v":2.3662000000000001},{"$f":"ROUND(D7*E7,2)","v":183659.51999999999},{"$f":"ROUND(F7*D7,2)","v":434575.2},12,{"$nulls":6},{"$f":"SUM(J7:P7)","v":12}]
["P2","Profissional Médio","mês",{"$f":"Q8","v":12},11711.04,{"$f":"ROUND(E8*G8,2)","v":27710.66},{"$f":"'PFP2.1_FatorKa'!$E$37","v":2.3662000000000001},{"$f":"ROUND(D8*E8,2)","v":140532.48000000001},{"$f":"ROUND(F8*D8,2)","v":332527.92},12,{"$nulls":6},{"$f":"SUM(J8:P8)","v":12}]
["P3","Profissional Junior","mês",72,9724,{"$f":"ROUND(E9*G9,2)","v":23008.93},{"$f":"'PFP2.1_FatorKa'!$E$37","v":2.3662000000000001},{"$f":"ROUND(D9*E9,2)","v":700128},{"$f":"ROUND(F9*D9,2)","v":1656642.96},null,12,12,12,12,12,12,{"$f":"SUM(J9:P9)","v":72}]
["T1","Técnico Pleno","mês",72,5362.72,{"$f":"ROUND(E10*G10,2)","v":12689.27},{"$f":"'PFP2.1_FatorKa'!$E$37","v":2.3662000000000001},996235.68,{"$f":"ROUND(F10*D10,2)","v":913627.44},null,12,12,12,12,12,12,{"$f":"SUM(J10:P10)","v":72}]
["MO","Mão de Obra sem Vínculo",{"$nulls":5},{"$f":"SUM(H12:H13)","v":970738.55999999994},{"$f":"SUM(I12:I13)","v":1656506.28}]
["P2","Profissional Médio","mês",12,11711.04,{"$f":"ROUND(E12*G12,2)","v":19853.73},{"$f":"'PFP2.2_FatorKb'!$E$37","v":1.6953},134154.23999999999,{"$f":"ROUND(F12*D12,2)","v":238244.76},12,{"$nulls":6},12]
["T1","Técnico Pleno","mês",156,5362.72,9091.42,{"$f":"'PFP2.2_FatorKb'!$E$37","v":1.6953},{"$f":"ROUND(D13*E13,2)","v":836584.32},1418261.52,null,24,36,36,12,24,24,156]
["DPV","Diárias, Passagens e Veículos",{"$nulls":5},{"$f":"SUM(H15:H23)","v":2217229.2800000003},{"$f":"SUM(I15:I23)","v":2784421.3600000003}]
["D1","Diárias","dia",{"$f":"Q15","v":6540},239,{"$f":"ROUND(E15*G15,2)","v":300.14},{"$f":"PFP3_FatorKc!$E$19","v":1.2558},{"$f":"ROUND(D15*E15,2)","v":1563060},{"$f":"ROUND(F15*D15,2)","v":1962915.6},{"$f":"(J8+J12)*10","v":240},{"$f":"(K9+K13+K10)*21","v":1008},1260,1260,756,1008,1008,{"$f":"SUM(J15:P15)","v":6540}]
["P1","Passagens Aéreas (ida e volta) - Brasília -Belém/PA (fevereiro e junho)","un",{"$f":"Q16","v":8},627,{"$f":"ROUND(E16*G16,2)","v":787.39},{"$f":"PFP3_FatorKc!$E$19","v":1.2558},{"$f":"ROUND(D16*E16,2)","v":5016},{"$f":"ROUND(F16*D16,2)","v":6299.12},null,{"$f":"2*4","v":8},{"$nulls":5},8]
["P2","Passagens Aéreas (ida e volta) - Brasília -Cuiabá/MT(março e agosto)","un",8,280.67,{"$f":"ROUND(E17*G17,2)","v":352.47},{"$f":"PFP3_FatorKc!$E$19","v":1.2558},{"$f":"ROUND(D17*E17,2)","v":2245.36},{"$f":"ROUND(F17*D17,2)","v":2819.76},null,null,{"$f":"2*4","v":8},{"$nulls":4},8]
["P3","Passagens Aéreas (ida e volta) - Brasília - Palmas/TO (feveiro e abril)","un",8,737.5,926.15,{"$f":"PFP3_FatorKc!$E$19","v":1.2558},5900,7409.2,null,null,null,{"$f":"2*4","v":8},null,null,null,8]
["P4","Passagens Aéreas (ida e volta) - Brasília - Macapá/AP (abril e agosto)","un",8,679.17,852.9,{"$f":"PFP3_FatorKc!$E$19","v":1.2558},5433.36,6823.2,{"$nulls":4},{"$f":"2*4","v":8},null,null,8]
["P5","Passagens Aéreas (ida e volta) - Brasília -Fortaleza/CE (setembro e novembro)","un",8,1098.43,1379.41,{"$f":"PFP3_FatorKc!$E$19","v":1.2558},8787.44,11035.28,{"$nulls":5},{"$f":"2*4","v":8},null,8]
["P6","Passagens Aéreas (ida e volta) - Brasília -Natal/RN e João Pessoa/PB (maio e setembro)","un",8,541.16999999999996,679.6,{"$f":"PFP3_FatorKc!$E$19","v":1.2558},4329.3599999999997,{"$f":"ROUND(F21*D21,2)","v":5436.8},{"$nulls":6},{"$f":"2*4","v":8},8]
["V1","Saveiro Robust 1.6 Total Flex 8V ou similar","mês",{"$f":"Q22","v":60},{"$f":"'PFP1'!E19","v":3311.9},{"$f":"ROUND(E22*G22,2)","v":4159.08},{"$f":"PFP3_FatorKc!$E$19","v":1.2558},198714,249544.8,null,12,12,12,null,12,12,{"$f":"SUM(K22:P22)","v":60}]
["V2","Hilux CS 4x4 2.8 TDI Diesel Mec. ou similar","mês",{"$f":"Q23","v":72},{"$f":"'PFP1'!E20","v":5885.33},{"$f":"ROUND(E23*G23,2)","v":7390.8},{"$f":"PFP3_FatorKc!$E$19","v":1.2558},{"$f":"ROUND(D23*E23,2)","v":423743.76},{"$f":"ROUND(F23*D23,2)","v":532137.6},null,12,12,12,12,12,12,72]
["EM","Equipamentos e Materiais",{"$nulls":5},{"$f":"SUM(H25:H26)","v":128808.12999999999},{"$f":"SUM(I25:I26)","v":161757.22}]
["EM1","Notebook tela 14”, HD 1TB, memória RAM de 8GB ","un",{"$f":"Q25","v":28},2752.31,{"$f":"ROUND(E25*G25,2)","v":3456.35},{"$f":"PFP3_FatorKc!$E$19","v":1.2558},{"$f":"ROUND(D25*E25,2)","v":77064.679999999993},{"$f":"ROUND(F25*D25,2)","v":96777.8},{"$f":"SUM(J7:J10,J12:J13)/12","v":3},4,5,5,3,4,4,{"$f":"SUM(J25:P25)","v":28}]
["EM2","Navegador GPS/ GLONASS, resolução visor de 160 X 240, tamanho de display 2,6”, memória interna 8GB, slot cartão de memória microSD, prova d'água, conexão bluetooth, com câmera 8MP","un",11,4703.95,5907.22,{"$f":"PFP3_FatorKc!$E$19","v":1.2558},51743.45,64979.42,null,2,2,2,1,2,2,11]
["TOTAL DOS CUSTOS DIRETOS",{"$nulls":4},{"$f":"H6+H14+H11+H24","v":5337331.6500000004}]
["TOTAL DOS ENCARGOS E DESPESAS DIVERSAS",{"$nulls":4},{"$f":"F29-F27","v":2602726.7300000004}]
["TOTAL DA PROPOSTA",{"$nulls":4},{"$f":"I6+I14+I11+I24","v":7940058.3800000008}]
["NOME DO INFORMANTE:",{"$nulls":6},"QUALIFICAÇÃO:"]
[]
["ASSINATURA:",{"$nulls":6},"DATA:"]
[]
["OBSERVAÇÃO:"]
["Uni - unidade de medição do insumo"]
["Qde - Quantidade do Insumo (não pode ocorrer alteração pela Licitante)"]
["CUD - Custo Unitário Direto do Insumo (sem encargos, taxas e impostos, valor não pode ser maior que o Orçado pela Codevasf)"]
["CT - Custo Total (sem encargos, taxas e impostos) - CT = Qde x CUD"]
["FatorK - Taxa de Ressarcimento de Despesas e Encargos (detalhar composição nas Planilhas \"FCON2.1\", \"FCON2.2\", \"FCON3\")"]
["PU - Preço Unitário (incluído encargos, taxas e impostos) - PU = CUD x FatorK"]
["PT - Preço Total (incluído encargos, taxas e impostos) - PT = Qde x PU"]

{"sheet":"CT_OS","index":6,"n_rows":48,"n_cols":9,"rows_kept":48,"cut":false,"hidden":false,"merged":[[0,0,1,6],[0,7,0,8],[1,7,1,8],[4,0,4,2],[4,3,4,6],[4,7,4,8],[2,0,2,6],[3,0,3,6],[3,7,3,8],[5,0,5,2],[5,3,5,6],[5,7,5,8],[7,5,7,6],[6,7,6,8],[7,7,7,8],[6,3,6,4],[6,5,6,6],[6,1,6,2],[7,1,7,2],[7,3,7,4],[9,3,9,4],[10,3,10,4],[8,3,8,4],[9,1,9,2],[10,1,10,2],[8,1,8,2],[13,1,13,2],[11,1,11,2],[11,3,11,4],[12,3,12,4],[13,3,13,4],[12,1,12,2],[15,7,15,8],[33,0,33,4],[14,7,14,8],[14,1,14,2],[15,1,15,2],[33,5,33,8],[14,3,14,4],[15,3,15,4],[14,5,14,6],[15,5,15,6],[8,7,8,8],[9,7,9,8],[10,7,10,8],[13,5,13,6],[13,7,13,8],[11,5,11,6],[12,5,12,6],[11,7,11,8],[12,7,12,8],[8,5,8,6],[9,5,9,6],[10,5,10,6],[34,5,34,8],[35,5,35,8],[37,0,37,6],[37,7,37,8],[38,0,38,4],[35,0,35,4],[36,0,36,4],[34,0,34,4],[36,7,36,8],[44,0,44,8],[45,0,45,8],[46,0,46,8],[47,0,47,8],[39,0,39,6],[39,7,39,8],[41,0,41,8],[42,0,42,8],[43,0,43,8],[40,0,40,8]]}
["ORDEM DE SERVIÇO",{"$nulls":6},"CODIGO:"]
[{"$nulls":7},"O.S."]
["NOME DA EMPRESA:",{"$nulls":6},"N° O.S.:"]
[]
["PROJETO:",null,null,"CONTRATANTE:",null,null,null,"CONTRATO:"]
["PRESTAÇÃO DE SERVIÇOS DE APOIO TÉCNICO, APOIO À FISCALIZAÇÃO E SUPERVISÃO TÉCNICA, VISANDO A IMPLANTAÇÃO E ACOMPANHAMENTO DE AÇÕES DE DESENVOLVIMENTO REGIONAL NA ÁREA DE ATUAÇÃO DA CODEVASF NOS ESTADOS DO PARÁ, TOCANTINS, GOIÁS, MATO GROSSO, AMAPÁ, CEARÁ, RIO GRANDE DO NORTE, PARÁIBA E NO DISTRITO FEDERAL.",null,null,"CODEVASF (SEDE)"]
["Cod.","Produtos/Atividades",null,"Tipo",null,"Prazo",null,"Obs"]
{"$rows_empty":9}
["Cod.","Categoria / Insumo","Uni","Qde","CUD","PU","FatorK","CT","PT"]
["MO","Mão de Obra com Vínculo",{"$nulls":5},{"$f":"SUM(H19:H22)","v":0},{"$f":"SUM(I19:I22)","v":0}]
["P1","Profissional Pleno (Coordenador)","mês"]
["P2","Profissional Medio","mês"]
["P3","Profissional Junior","mês"]
["T1","Tecnico Pleno","mês"]
["MO","Mão de Obra sem Vínculo",{"$nulls":5},{"$f":"SUM(H21:H25)","v":0},{"$f":"SUM(I21:I25)","v":0}]
["P2","Profissional Medio","mês"]
["T1","Tecnico Pleno","mês"]
["DPV","Diárias, Passagens E Veículos",{"$nulls":5},{"$f":"SUM(H27:H30)","v":0},{"$f":"SUM(I27:I30)","v":0}]
["DPV","Diárias","dia"]
["P","Passagens Aéreas (ida e volta)","un"]
["V1","Saveiro Robust 1.6 Total Flex 8V ou similar","mês"]
["V2","Hilux CS 4x4 2.8 TDI Diesel Mec. ou similar","mês"]
["EM","Equipamentos e Materiais",{"$nulls":5},{"$f":"SUM(H32:H33)","v":0},{"$f":"SUM(I32:I33)","v":0}]
["EM1","Notebook","un"]
["EM2","Navegador GPS","un"]
["TOTAL DOS CUSTOS DIRETOS",{"$nulls":4},{"$f":"H18+H26+H23+H31","v":0}]
["TOTAL DOS ENCARGOS E DESPESAS DIVERSAS",{"$nulls":4},{"$f":"F36-F34","v":0}]
["TOTAL DA PROPOSTA",{"$nulls":4},{"$f":"I18+I26+I23+I31","v":0}]
["NOME DO INFORMANTE:",{"$nulls":6},"QUALIFICAÇÃO"]
[]
["ASSINATURA:",{"$nulls":6},"DATA:"]
[]
["OBSERVAÇÃO:"]
["Un - unidade de medição do insumo;"]
["Qde - Quantidade do Insumo (não pode ocorrer alteração pela Licitante)"]
["CUD - Custo Unitário Direto do Insumo (sem encargos, taxas e impostos, valor não pode ser maior que o Orçado pela Codevasf)"]
["CT - Custo Total (sem encargos, taxas e impostos) - CT = Qde x CUD"]
["FatorK - Taxa de Ressarcimento de Despesas e Encargos (detalhar composição nas Planilhas \"FCON2.1\", \"FCON2.2\", \"FCON3\")"]
["PU - Preço Unitário (incluído encargos, taxas e impostos) - PU = CUD x FatorK"]
["PT - Preço Total (incluído encargos, taxas e impostos) - PT = Qde x PU"]

{"sheet":"CT_RAM","index":7,"n_rows":41,"n_cols":8,"rows_kept":41,"cut":false,"hidden":false,"merged":[[0,0,1,6],[0,7,0,8],[1,7,1,8],[4,0,4,2],[4,3,4,6],[4,7,4,8],[2,0,2,6],[3,0,3,6],[7,1,7,2],[7,3,7,4],[7,5,7,6],[7,7,7,8],[3,7,3,8],[8,1,8,2],[8,3,8,4],[8,5,8,6],[8,7,8,8],[5,0,5,2],[5,3,5,6],[5,7,5,8],[6,1,6,2],[6,3,6,4],[6,5,6,6],[6,7,6,8],[11,1,11,2],[11,3,11,4],[11,5,11,6],[11,7,11,8],[9,1,9,2],[9,3,9,4],[9,5,9,6],[9,7,9,8],[10,1,10,2],[10,3,10,4],[10,5,10,6],[10,7,10,8],[14,1,14,2],[14,3,14,4],[14,5,14,6],[14,7,14,8],[12,1,12,2],[12,3,12,4],[12,5,12,6],[12,7,12,8],[13,1,13,2],[13,3,13,4],[13,5,13,6],[13,7,13,8],[15,1,15,2],[15,3,15,4],[15,5,15,6],[15,7,15,8],[40,0,40,8],[36,0,36,4],[36,7,36,8],[37,0,37,6],[37,7,37,8],[38,0,38,4],[39,0,39,4],[39,7,39,8],[29,0,29,4],[29,5,29,8],[16,1,16,2],[16,3,16,4],[16,5,16,6],[16,7,16,8],[34,0,34,4],[34,5,34,8],[33,0,33,4],[19,7,19,8],[20,1,20,2],[20,3,20,4],[20,5,20,6],[20,7,20,8],[17,1,17,2],[17,3,17,4],[17,5,17,6],[17,7,17,8],[18,1,18,2],[18,3,18,4],[18,5,18,6],[18,7,18,8],[19,1,19,2],[19,3,19,4],[19,5,19,6],[24,1,24,2],[24,3,24,4],[24,5,24,6],[22,5,22,6],[22,7,22,8],[24,7,24,8],[21,1,21,2],[21,3,21,4],[21,5,21,6],[21,7,21,8],[22,1,22,2],[22,3,22,4],[41,0,43,8],[28,5,28,6],[28,7,28,8],[25,1,25,2],[25,3,25,4],[25,5,25,6],[25,7,25,8],[26,1,26,2],[26,3,26,4],[26,5,26,6],[26,7,26,8],[35,0,35,4],[35,5,35,8],[27,1,27,2],[27,3,27,4],[27,5,27,6],[27,7,27,8],[28,1,28,2],[28,3,28,4],[30,0,30,4],[31,0,31,4],[32,0,32,4]]}
["RELATÓRIO DE ACOMPANHAMENTO E MEDIÇÃO",{"$nulls":6},"CODIGO:"]
[{"$nulls":7},"RAM"]
["NOME DA EMPRESA:",{"$nulls":6},"N° RAM:"]
[]
["PROJETO:",null,null,"CONTRATANTE:",null,null,null,"CONTRATO:"]
["PRESTAÇÃO DE SERVIÇOS DE APOIO TÉCNICO, APOIO À FISCALIZAÇÃO E SUPERVISÃO TÉCNICA, VISANDO A IMPLANTAÇÃO E ACOMPANHAMENTO DE AÇÕES DE DESENVOLVIMENTO REGIONAL NA ÁREA DE ATUAÇÃO DA CODEVASF NOS ESTADOS DO PARÁ, TOCANTINS, GOIÁS, MATO GROSSO, AMAPÁ, CEARÁ, RIO GRANDE DO NORTE, PARÁIBA E NO DISTRITO FEDERAL.",null,null,"CODEVASF (SEDE)"]
["Cod.","Produtos Demandados",null,"Tipo",null,"Prazo",null,"Obs"]
{"$rows_empty":8}
["Cod.","Produtos Executados",null,"Tipo",null,"Prazo",null,"Obs"]
{"$rows_empty":8}
["Cod.","Infrações Constatadas",null,"Tipo",null,"Sanção",null,"Valor"]
[]
[]
[]
[]
["N° de Atividades Demandadas"]
["N° de Atividades Entregues"]
["Grau de Execução das Atividades Programadas (GEAP)"]
["Fator de Ajuste no Pagamento"]
["Multas e descontos"]
["TOTAL DA ORDEM DE SERVIÇO"]
["TOTAL DA ORDEM DE PAGAMENTO"]
["FISCAL:",{"$nulls":6},"SETOR:"]
[]
["ASSINATURA:",{"$nulls":6},"DATA:"]
[]
["OBSERVAÇÕES:"]

{"sheet":"CT_CV","index":8,"n_rows":50,"n_cols":8,"rows_kept":50,"cut":false,"hidden":false,"merged":[[0,0,1,5],[0,6,0,7],[1,6,1,7],[5,3,5,5],[5,6,5,7],[2,0,2,7],[3,0,3,7],[10,0,10,7],[6,0,6,1],[6,2,6,7],[7,0,7,7],[9,0,9,1],[8,2,8,3],[8,4,8,5],[8,6,8,7],[11,0,11,1],[11,2,11,3],[12,0,12,1],[12,2,12,3],[11,4,11,5],[12,4,12,5],[13,0,13,1],[13,2,13,3],[14,0,14,1],[14,2,14,3],[13,4,13,5],[14,4,14,5],[17,1,17,7],[18,1,18,7],[19,1,19,7],[15,0,15,1],[15,2,15,3],[16,0,16,1],[16,2,16,3],[15,4,15,5],[16,4,16,5],[47,0,47,7],[48,0,48,7],[49,0,49,7],[4,0,4,2],[4,3,4,5],[4,6,4,7],[5,0,5,2],[43,0,43,7],[44,0,44,7],[45,0,45,7],[46,0,46,7],[33,1,33,7],[36,1,36,7],[26,1,26,7],[28,1,28,7],[29,1,29,7],[40,6,40,7],[42,6,42,7],[39,0,39,5],[40,0,40,5],[37,4,37,7],[38,0,38,3],[38,4,38,7],[27,1,27,7],[35,1,35,7],[34,1,34,7],[39,6,39,7],[9,2,9,3],[9,4,9,5],[9,6,9,7],[30,1,30,7],[31,1,31,7],[32,1,32,7],[20,1,20,7],[21,1,21,7],[22,1,22,7],[23,1,23,7],[24,1,24,7],[25,1,25,7]]}
["FICHA CURRICULAR DA EQUIPE TÉCNICA",{"$nulls":5},"CODIGO:"]
[{"$nulls":6},"CV"]
["NOME DA EMPRESA:"]
[]
["PROJETO:",null,null,"CONTRATANTE:",null,null,"EDITAL:"]
["PRESTAÇÃO DE SERVIÇOS DE APOIO TÉCNICO, APOIO À FISCALIZAÇÃO E SUPERVISÃO TÉCNICA, VISANDO A IMPLANTAÇÃO E ACOMPANHAMENTO DE AÇÕES DE DESENVOLVIMENTO REGIONAL NA ÁREA DE ATUAÇÃO DA CODEVASF NOS ESTADOS DO PARÁ, TOCANTINS, GOIÁS, MATO GROSSO, AMAPÁ, CEARÁ, RIO GRANDE DO NORTE, PARÁIBA E NO DISTRITO FEDERAL.",null,null,"CODEVASF (SEDE)"]
["NOME DO PROFISSIONAL:"]
[]
["ATUAÇÃO NO PROJETO:",null,"FORMAÇÃO PRINCIPAL:",null," NASCIMENTO:",null,"NACIONALIDADE:"]
[]
["FORMAÇÃO"]
["ESCOLARIDADE",null,"ENTIDADE",null,"CIDADE",null,"DURAÇÃO","ANO CONCL."]
["Técnico (título)",null,"Escola",null,"Cidade",null,"X anos","AAAA"]
["Superior (título)",null,"Universidade",null,"Cidade",null,"X anos","AAAA"]
["Especialização (título)",null,"Universidade",null,"Cidade",null,"X anos","AAAA"]
["Mestrado (título)",null,"Universidade",null,"Cidade",null,"X anos","AAAA"]
["Doutorado (título)",null,"Universidade",null,"Cidade",null,"X anos","AAAA"]
["PERIODO","CAPACIDADE TÉCNICA - EXPERIÊNCIA PROFISSIONAL"]
["(MM/AA a MM/AA)","(Empresa, cargo ou função, cidade)"]
[]
[]
[]
[]
[]
["CAT","CAPACIDADE TÉCNICA - SERVIÇO OU OBRA"]
["(nº da ART ou CAT)","(Objeto resumido, quantificação, contratante, cidade)"]
[]
[]
[]
[]
[]
["ANO","CAPACIDADE TECNOLÓGICA - CERTIFICADO"]
["(AAAA)","(Nome do curso, empresa de treinamento, carga horaria em hs, cidade)"]
[]
[]
[]
[]
["CONCORDO EM PARTICIPAR DESTE OBJETO (ASSINATURA):",null,null,null,"Nº DO REGISTRO PROFISSIONAL:"]
[]
["NOME DO INFORMANTE:",{"$nulls":5},"QUALIFICAÇÃO"]
[]
["ASSINATURA:",{"$nulls":5},"DATA:"]
[]
["OBSERVAÇÃO:"]
["1 – PREENCHER UMA FICHA PARA CADA PROFISSIONAL DA EQUIPE CHAVE (ESPECIALISTAS) E COMPLEMENTAR (ANALISTAS)"]
["2 – JUNTAR COMPROVANTES DE ESCOLARIDADE"]
["3 – JUNTAR OS COMPROVANTES DA EXP. PROFISSIONAL, CERTIFICADOS PELA UNIDADE PROFISSIONAL COMPETENTE"]
["4 – JUNTAR OS COMPROVANTES DE CAPACIDADE TECNICA, RELATIVO AOS CAT DE SERVIÇOS SIMILARES OU CORRELATOS, CONFORME, ITEM 10."]
["5 – JUNTAR OS COMPROVANTES DE CAPACIDADE TECNOLOGICA, CONFORME ITEM 10."]
["6 – ITENS EM VERMELHO SÃO APENAS INSTRUÇÃO DE PREENCHIMENTO E DEVEM SER APAGADOS."]